Las funciones del juez en el proceso de consumo: cargas probatorias y prueba de oficio (Registro nro. 33928)

Detalles MARC
000 -LEADER
fixed length control field 00375 a2200109 4500
001 - CONTROL NUMBER
control field ART_58835
005 - DATE AND TIME OF LATEST TRANSACTION
control field 20260410162030.0
008 - FIXED-LENGTH DATA ELEMENTS--GENERAL INFORMATION
fixed length control field 260409a
100 1# - MAIN ENTRY--PERSONAL NAME
Personal name Rossi, Jorge O.
245 10 - TITLE STATEMENT
Title Las funciones del juez en el proceso de consumo: cargas probatorias y prueba de oficio
773 0# - HOST ITEM ENTRY
Title Temas de derecho procesal
Related parts - Año 7, N° 7 (jul. 2023)
Record control number REV44095

No hay ítems disponibles.